Une ville, un pays (lettre N) - Statistiques

Statistiques générales
  • Ce quiz a été pris 100 fois
  • Le résultat moyen est 16 sur 26
Statistiques - réponses
Hint Réponse % Correct
Nashville Etats-Unis
98%
Naples Italie
98%
Nuremberg Allemagne
96%
Novossibirsk Russie
93%
Nevers France
92%
Neuchâtel Suisse
92%
Namur Belgique
90%
Nagoya Japon
88%
Niagara Falls Canada
86%
Norrköping Suède
82%
Nankin Chine
81%
Norwich Royaume-Uni
79%
Nagpur Inde
77%
Narvik Norvège
68%
Natal Brésil
63%
Nazca Pérou
62%
Nimègue Pays-Bas
61%
Nazaré Portugal
60%
Novi Sad Serbie
48%
Narva Estonie
25%
Nitra Slovaquie
23%
Nakuru Kenya
20%
Nyala Soudan
17%
Nouadhibou Mauritanie
14%
Nampula Mozambique
11%
Namangan Ouzbékistan
10%
Aucun quiz correspondant
Distribution des résultats
% des personnes avec chaque résultat
Percentile par nombre de réponses
Votre historique - résultats
Vous n’avez pas pris ce quiz